| 000 | 00635nam a2200169 4500 | ||
|---|---|---|---|
| 001 | 113161 | ||
| 003 | ES-MaACL | ||
| 007 | t| | ||
| 008 | 061121s1929 sp r ||||1| spa d | ||
| 100 | 1 |
_aNieulant, Luis de. _985725 |
|
| 245 | 1 | 0 |
_aEstudios históricos de colonización / _cLuis de Nieulant ; Departamento de El Bastón de L.M.N. y M.L. Ciudad de Ciudad Rodrigo ; prólogo de Constancio Bernaldo de Quirós. |
| 260 |
_aMadrid : _b[s.n.], _c1929 ( _fImp. Helénica) |
||
| 300 |
_a158 p. ; _c22 cm. |
||
| 700 | 1 |
_aBernaldo de Quirós, Constancio, _d1873-1959 _928215 |
|
| 852 |
_aES-MaACL _jB-3612 |
||
| 999 |
_c113161 _d113161 |
||